000 00825nam0a22002531 4500
001 rc\2995279
005 20250806211719.0
035 _a(NLR Aleph) 007139045
090 _a69655
_c69655
100 _a20110916d1941 u y0rusy50 ca
101 0 _arus
102 _aRU
105 _aa z |||||
200 1 _aКормовые корнеплоды
_fУдм. респ. опыт. станция по животноводству
210 _aИжевск
_cУдмуртгосиздат
_d1941
215 _a60 с.
_cил.
_d22 см
700 1 _aДомрачев
_bД.В.
_gДмитрий Васильевич
801 0 _aRU
_bNLR
_gpsbo
801 1 _aRU
_bELAR
_2rusmarc
852 _aNLR
_bС
_j50 Г6/37
942 _cBOOK
945 _aРоссийская национальная библиотека
980 _aNB
980 _aBV